000 nam a22 7a 4500
999 _c9001
_d9001
008 180122b ||||| |||| 00| 0 eng d
100 _95300
_aDOLPHIN BOOK
245 _aENJOYING-A,B,C
260 _aNEW DELHI
_bDOLPHIN
_c2015